[Event "Titled Tue 10th Jun Late"]
[Site "chess.com INT"]
[Date "2025.06.10"]
[Round "3"]
[White "Bortnyk, Olexandr"]
[Black "Dubnevych, Maksym"]
[Result "1-0"]
[WhiteTitle "GM"]
[BlackTitle "FM"]
[WhiteElo "2601"]
[BlackElo "2296"]
[WhiteFideId "14120828"]
[BlackFideId "14184001"]
[EventDate "2025.06.10"]

1. e4 e5 2. Nf3 Nc6 3. Nc3 Nf6 4. Nd5 Nxe4 5. d4 d6 6. Bb5 Bd7 7. Qe2 f5 8. dxe5
Nxe5 9. Nxe5 dxe5 10. Bd3 Bc6 11. Bxe4 Bxd5 12. Bxf5 Qf6 13. Be4 Bxe4 14. Qxe4
O-O-O 15. Be3 a6 16. O-O Bd6 17. Rad1 g6 18. c4 Qf5 19. Qxf5+ gxf5 20. f3 Rd7
21. Rfe1 Rhd8 22. Kf1 e4 23. Bg5 Rg8 24. h4 Re8 25. Re2 Bc5 26. Rxd7 Kxd7 27.
fxe4 fxe4 28. g4 Re6 29. Kg2 h6 30. Bf4 Bd4 31. b3 c5 32. Kg3 b5 33. g5 h5 34.
Be3 Kd6 35. Kf4 b4 36. Bxd4 cxd4 37. Rxe4 d3 38. Rxe6+ Kxe6 39. Ke3 Kf5 40. Kxd3
Kg4 41. g6 Kxh4 42. g7 1-0

[Event "Titled Tue 10th Jun Late"]
[Site "chess.com INT"]
[Date "2025.06.10"]
[Round "3"]
[White "Atis, Hasan"]
[Black "Lin, Bryan Enming"]
[Result "1-0"]
[WhiteTitle "CM"]
[BlackTitle "FM"]
[WhiteElo "2089"]
[BlackElo "2343"]
[WhiteFideId "44598017"]
[BlackFideId "30987121"]
[EventDate "2025.06.10"]

1. e4 g6 2. d4 Bg7 3. Nc3 d6 4. Nf3 a6 5. Bc4 e6 6. a4 Ne7 7. O-O d5 8. exd5
exd5 9. Bd3 O-O 10. Re1 h6 11. h3 Nd7 12. Ne2 c5 13. c3 Nc6 14. Bc2 cxd4 15.
Nexd4 Nc5 16. Be3 Ne6 17. Nxe6 Bxe6 18. Nd4 Bd7 19. Nb3 Bc8 20. a5 Be6 21. Bb6
Qg5 22. Qf3 Ne5 23. Qg3 Nc4 24. Bc5 Qxg3 25. fxg3 Rfc8 26. Ra2 Nxb2 27. Rxb2
Bxc3 28. Rbb1 Bxe1 29. Rxe1 d4 30. Rxe6 fxe6 31. Be4 Rc7 32. Bb6 Re7 33. Nxd4
Rc8 34. g4 g5 35. Nf3 Rc1+ 36. Kh2 Ra1 37. Ne5 Ra4 38. Bf3 Kg7 39. Nd3 e5 40.
Nc5 e4 41. Nxa4 exf3 42. gxf3 Kf7 43. Nc5 Kf6 44. Bd8 1-0

[Event "Titled Tue 10th Jun Late"]
[Site "chess.com INT"]
[Date "2025.06.10"]
[Round "3"]
[White "Harish, Neeraj"]
[Black "Banerjee, Supratit"]
[Result "0-1"]
[WhiteTitle "CM"]
[BlackTitle "FM"]
[WhiteElo "2192"]
[BlackElo "2311"]
[WhiteFideId "30958130"]
[BlackFideId "2410079"]
[EventDate "2025.06.10"]

1. c4 Nf6 2. Nf3 g6 3. g3 Bg7 4. Bg2 O-O 5. O-O d6 6. d4 Nc6 7. Nc3 e5 8. e4
exd4 9. Nxd4 Nxd4 10. Qxd4 Re8 11. Qd3 Nd7 12. Re1 Ne5 13. Qe2 Be6 14. c5 dxc5
15. Be3 c4 16. Red1 Nd3 17. Qc2 c6 18. Bf1 Bg4 19. Rd2 Bf3 20. Bg2 Bxg2 21. Kxg2
Qe7 22. f3 b5 23. Rf1 Rad8 24. Ne2 Bxb2 25. Nc3 Qb4 26. Ne2 Bg7 27. Rfd1 Qa3 28.
Nf4 Nxf4+ 29. Bxf4 Rxd2+ 30. Rxd2 h5 31. h4 c3 32. Re2 Rd8 33. Bg5 Re8 34. Qd3
Qa6 35. e5 Qc8 36. Bf6 Bxf6 37. exf6 Rxe2+ 38. Qxe2 Qd8 39. Qe7 Qf8 40. Qe3 b4
41. Qe4 c5 42. g4 hxg4 43. fxg4 Qd8 44. Qe7 Qd5+ 45. Kg3 c2 46. Qe8+ Kh7 47. Qf8
Qe5+ 48. Kh3 Qxf6 49. Qxc5 Qc3+ 0-1

[Event "Titled Tue 10th Jun Late"]
[Site "chess.com INT"]
[Date "2025.06.10"]
[Round "3"]
[White "Liu, Zhaoqi"]
[Black "Hariharan, Shambavi"]
[Result "1-0"]
[WhiteTitle "IM"]
[BlackTitle "WCM"]
[WhiteElo "2400"]
[BlackElo "1936"]
[WhiteFideId "8609381"]
[BlackFideId "488160"]
[EventDate "2025.06.10"]

1. b3 d5 2. Bb2 Nf6 3. e3 e6 4. f4 c5 5. Nf3 Nc6 6. Be2 Be7 7. O-O O-O 8. d3 a6
9. Nbd2 b5 10. h3 Bb7 11. Qe1 Nb4 12. Bd1 Rc8 13. Ne5 Nc6 14. Ndf3 Nd7 15. Nxd7
Qxd7 16. Qg3 f6 17. Be2 Nb4 18. Bd1 Nc6 19. a3 Na5 20. Be2 c4 21. b4 Nc6 22.
dxc4 bxc4 23. Nd4 Nxd4 24. Bxd4 Bd6 25. Bg4 Qe7 26. Qe1 Rcd8 27. Bb6 Rde8 28.
Rd1 e5 29. Qd2 e4 30. Bd4 f5 31. Bh5 g6 32. Be2 Bc6 33. Bc3 h5 34. g4 hxg4 35.
hxg4 Kf7 36. Qd4 Rg8 37. Rf2 a5 38. Rh2 Ke6 39. Rh6 Ref8 40. gxf5+ Rxf5 41. Bg4
Kd7 42. Qa7+ Ke8 43. Qxe7+ Kxe7 44. Bxf5 gxf5+ 45. Kf2 axb4 46. axb4 Ba4 47. Rg1
Rxg1 48. Kxg1 Bxc2 49. Kf2 Ba4 50. Rh5 Bd7 51. Rh7+ Kd8 52. Rh6 Kc7 53. Be5 Bxe5
54. fxe5 c3 55. Ke2 1-0

[Event "Titled Tue 10th Jun Late"]
[Site "chess.com INT"]
[Date "2025.06.10"]
[Round "3"]
[White "Maglioni, Leonardo"]
[Black "Stefansson, Vignir Vatnar"]
[Result "0-1"]
[BlackTitle "GM"]
[WhiteElo "2069"]
[BlackElo "2515"]
[WhiteFideId "2896830"]
[BlackFideId "2308649"]
[EventDate "2025.06.10"]

1. d4 Nf6 2. Bf4 c5 3. c3 e6 4. e3 h6 5. Nd2 Nc6 6. Ngf3 Nh5 7. Bg3 d5 8. Bd3
Nxg3 9. hxg3 Bd6 10. Qe2 Bd7 11. dxc5 Bxc5 12. e4 dxe4 13. Nxe4 Be7 14. O-O O-O
15. Rad1 Qc7 16. Bb1 Rad8 17. Qc2 g6 18. Rfe1 e5 19. Ned2 Be6 20. Nf1 Kg7 21.
Ne3 Bc5 22. Qc1 a5 23. b3 Qe7 24. Be4 Qc7 25. Nd5 Qb8 26. c4 Nd4 27. Nxd4 Bxd4
28. Nc3 Qa7 29. Qc2 Qb6 30. Bd5 Bf5 31. Ne4 Rc8 32. Qe2 h5 33. Kh2 Rh8 34. Kg1
Bg4 35. Qd2 Bxd1 36. Rxd1 Rcd8 37. Qe2 Rhe8 38. Qf3 Rd7 39. Ng5 Qf6 40. Qxf6+
Kxf6 41. Ne4+ Kg7 42. Kf1 f6 43. Ke2 Red8 44. f3 b6 45. Rc1 Rc7 46. a4 Rxd5 0-1

[Event "Titled Tue 10th Jun Late"]
[Site "chess.com INT"]
[Date "2025.06.10"]
[Round "3"]
[White "Khlebovich, Alexander"]
[Black "Sakmak, Kutay"]
[Result "1-0"]
[WhiteTitle "IM"]
[BlackTitle "CM"]
[WhiteElo "2423"]
[BlackElo "2158"]
[WhiteFideId "4169123"]
[BlackFideId "44581939"]
[EventDate "2025.06.10"]

1. d4 Nf6 2. c4 e6 3. Nf3 d5 4. g3 Bb4+ 5. Nbd2 O-O 6. Bg2 b6 7. O-O Bb7 8. Ne5
a5 9. Ndf3 Be7 10. Qc2 Nbd7 11. Nxd7 Nxd7 12. Rd1 Rc8 13. Ne5 Nxe5 14. dxe5 c6
15. Be3 Qc7 16. cxd5 cxd5 17. Qxc7 Rxc7 18. Bxb6 Rc2 19. Bd4 Rfc8 20. e3 Ba6 21.
Bc3 Bb4 22. Rac1 Rxc1 23. Rxc1 a4 24. Bf1 Bxf1 25. Kxf1 a3 26. Ke2 Be7 27. b3 g5
28. g4 Kg7 29. h3 Kg6 30. Kd3 h5 31. Bd2 Rh8 32. Rc7 Bf8 33. Rc8 hxg4 34. hxg4
Kg7 35. b4 Rh1 36. Rc1 Rh2 37. b5 Rh8 38. Rc8 Rh1 39. Rc1 Rh8 40. b6 Be7 41. b7
Rb8 42. Rc7 Bc5 43. Rxc5 Rxb7 44. Ra5 Ra7 45. Rxa7 1-0

[Event "Titled Tue 10th Jun Late"]
[Site "chess.com INT"]
[Date "2025.06.10"]
[Round "3"]
[White "Daspres, Loic"]
[Black "Garcia Hernandez, Rebeca"]
[Result "1-0"]
[WhiteTitle "CM"]
[BlackTitle "WCM"]
[WhiteElo "2207"]
[BlackElo "1904"]
[WhiteFideId "20612281"]
[BlackFideId "5180872"]
[EventDate "2025.06.10"]

1. e4 c5 2. Nf3 a6 3. d4 cxd4 4. Nxd4 d6 5. c4 Nf6 6. Nc3 e6 7. Be2 Be7 8. O-O
O-O 9. Be3 Bd7 10. Rc1 Nc6 11. f3 Rc8 12. Kh1 Re8 13. b3 Qa5 14. Qe1 Nxd4 15.
Bxd4 b5 16. Nd5 Qxe1 17. Nxe7+ Rxe7 18. Rfxe1 Ree8 19. Red1 bxc4 20. Bxc4 Bb5
21. Bxb5 axb5 22. Kg1 d5 23. Rxc8 Rxc8 24. Bxf6 gxf6 25. exd5 exd5 26. Rxd5 Rc1+
27. Kf2 Rc2+ 28. Kg3 Rxa2 29. Rxb5 Rb2 30. h4 Kg7 31. Kh3 Kg6 32. g4 Rf2 33. Kg3
Rb2 34. h5+ Kg7 35. Kf4 h6 36. Ke4 Re2+ 37. Kd4 Rf2 38. Rf5 Rd2+ 39. Kc4 Rc2+
40. Kb5 Rc3 41. b4 Rb3 42. Ka5 Ra3+ 43. Kb6 Rb3 44. b5 Rb4 45. Kc6 Rc4+ 46. Kb7
Rb4 47. b6 Rb3 48. Kc6 Rc3+ 49. Rc5 Rb3 50. b7 1-0

[Event "Titled Tue 10th Jun Late"]
[Site "chess.com INT"]
[Date "2025.06.10"]
[Round "3"]
[White "Gurevich, Dmitry"]
[Black "Martinovici, Ilia"]
[Result "0-1"]
[WhiteTitle "GM"]
[BlackTitle "IM"]
[WhiteElo "2338"]
[BlackElo "2452"]
[WhiteFideId "2000407"]
[BlackFideId "13907034"]
[EventDate "2025.06.10"]

1. d4 Nf6 2. c4 e6 3. Nc3 Bb4 4. e3 O-O 5. Bd3 d5 6. cxd5 exd5 7. Ne2 c6 8. O-O
Re8 9. f3 b5 10. a3 Bf8 11. e4 a6 12. e5 Nfd7 13. f4 c5 14. Be3 Nc6 15. Kh1 Bb7
16. dxc5 Nxc5 17. Nd4 Nxd4 18. Bxd4 Ne4 19. Qe2 f5 20. Rg1 Rc8 21. g4 Bc5 22.
Qe3 Bxd4 23. Qxd4 Rc4 24. Qa7 Qe7 25. Rg2 fxg4 26. Bxc4 dxc4 27. Nxe4 Bxe4 28.
Qxe7 Rxe7 29. Re1 Bxg2+ 30. Kxg2 Rd7 31. e6 Rd2+ 32. Kg3 Kf8 33. Kxg4 Rxb2 34.
h4 c3 35. Rc1 c2 36. Kf5 Ke7 37. Ke5 a5 38. Kd5 b4 39. axb4 axb4 40. f5 b3 41.
Ra1 Ra2 42. Rg1 Kf8 0-1

[Event "Titled Tue 10th Jun Late"]
[Site "chess.com INT"]
[Date "2025.06.10"]
[Round "3"]
[White "Shuvalova, Polina"]
[Black "Yanev, Tihomir"]
[Result "1-0"]
[WhiteTitle "IM"]
[BlackTitle "IM"]
[WhiteElo "2480"]
[BlackElo "2354"]
[WhiteFideId "24171760"]
[BlackFideId "2910110"]
[EventDate "2025.06.10"]

1. e4 e6 2. d4 b6 3. Bd3 Bb7 4. Nf3 Nf6 5. Qe2 d5 6. e5 Nfd7 7. O-O c5 8. c3 Nc6
9. a3 Be7 10. b4 Qc7 11. Be3 f6 12. b5 Na5 13. Bf4 f5 14. Nbd2 c4 15. Bc2 h6 16.
h4 g6 17. Qe3 Bf8 18. Nh2 O-O-O 19. a4 Be7 20. Ndf3 g5 21. hxg5 hxg5 22. Bxg5
Nf8 23. g3 Ng6 24. Kg2 Rdg8 25. Rh1 Bxg5 26. Nxg5 f4 27. gxf4 Rh4 28. Bxg6 Rxg6
29. Nf3 Rxh1 30. Rxh1 Kb8 31. Rh8+ Bc8 32. Nh4 Rg7 33. Kf1 a6 34. Nxe6 Qe7 35.
Nxg7 Qxg7 36. Rd8 Qe7 37. Rh8 Qg7 38. Re8 Kc7 39. f5 Qg4 40. e6 axb5 41. axb5
Nb7 42. Qg3+ Qxg3 43. fxg3 Nd6 44. Rh8 Nxb5 45. e7 Bd7 46. e8=Q Bxe8 47. Rxe8
Nxc3 48. f6 b5 49. f7 b4 50. f8=Q b3 51. Rc8+ 1-0

[Event "Titled Tue 10th Jun Late"]
[Site "chess.com INT"]
[Date "2025.06.10"]
[Round "3"]
[White "Brezis, Ari"]
[Black "Manukyan, Sargis A."]
[Result "0-1"]
[WhiteTitle "CM"]
[BlackTitle "FM"]
[WhiteElo "2179"]
[BlackElo "2294"]
[WhiteFideId "2858541"]
[BlackFideId "13303970"]
[EventDate "2025.06.10"]

1. d4 d5 2. c4 e6 3. Nc3 Nf6 4. cxd5 exd5 5. Bg5 Be7 6. e3 O-O 7. Bd3 Nbd7 8.
Nge2 b6 9. O-O Bb7 10. a4 a5 11. Qc2 h6 12. Bf4 Rc8 13. Rac1 c5 14. dxc5 Nxc5
15. Qd1 Nxd3 16. Qxd3 Bc5 17. Nd4 Qd7 18. Rfd1 Rfe8 19. h3 Ne4 20. Nxe4 dxe4 21.
Qb5 Qxb5 22. Nxb5 Red8 23. Be5 f6 24. Bd4 Bxd4 25. Nxd4 Kf7 26. Kf1 Ba6+ 27. Ke1
Bd3 28. Kd2 g6 29. Rxc8 Rxc8 30. Rc1 Rxc1 31. Kxc1 Bf1 32. g3 Bxh3 33. b3 Bd7
34. Kd2 h5 35. Ke2 g5 36. f3 f5 37. fxe4 fxe4 38. Kf2 Kf6 39. Ne2 Be6 40. Nc3
Ke5 41. Nb5 Bxb3 42. Nc3 Be6 43. Kg2 Bd7 44. Kf2 Bc6 45. g4 h4 46. Kg2 Be8 47.
Kf2 Bd7 48. Kg2 Bxg4 0-1

[Event "Titled Tue 10th Jun Late"]
[Site "chess.com INT"]
[Date "2025.06.10"]
[Round "3"]
[White "Silva, Luca"]
[Black "Zilberstein, Dmitry"]
[Result "0-1"]
[WhiteTitle "FM"]
[BlackTitle "IM"]
[WhiteElo "2211"]
[BlackElo "2358"]
[WhiteFideId "147370"]
[BlackFideId "2010739"]
[EventDate "2025.06.10"]

1. d4 d6 2. e4 Nf6 3. Nc3 g6 4. Bf4 Bg7 5. Qd2 a6 6. O-O-O b5 7. f3 Nc6 8. Bh6
Bxh6 9. Qxh6 e5 10. dxe5 Nxe5 11. h3 Be6 12. f4 Ned7 13. g4 b4 14. Nd5 Bxd5 15.
exd5 Nc5 16. Bc4 Qe7 17. Nf3 Qe3+ 18. Nd2 O-O-O 19. Rhe1 Qd4 20. Bb3 Rhe8 21.
Rxe8 Rxe8 22. Qg7 a5 23. g5 a4 24. gxf6 axb3 25. axb3 Nd7 26. Qxf7 Nxf6 27. Nc4
Qxf4+ 28. Kb1 Re2 29. Na5 Qe4 30. Qf8+ Ne8 31. Rc1 Qxd5 32. Nc4 Qe4 33. Qf7 Kb7
34. Qxh7 d5 35. Na5+ Kb6 36. Qd7 Kxa5 37. Ka2 Kb6 38. c4 dxc4 39. Rxc4 Qe7 40.
Qd4+ c5 41. Qd3 Kb5 0-1

[Event "Titled Tue 10th Jun Late"]
[Site "chess.com INT"]
[Date "2025.06.10"]
[Round "3"]
[White "Sakhayi, Mostafa"]
[Black "Demirtas, Alper"]
[Result "0-1"]
[WhiteTitle "CM"]
[BlackTitle "CM"]
[WhiteElo "2166"]
[BlackElo "2205"]
[WhiteFideId "12512532"]
[BlackFideId "44576781"]
[EventDate "2025.06.10"]

1. d4 d5 2. c4 e6 3. Nc3 Nf6 4. cxd5 exd5 5. Bg5 c6 6. e3 Be7 7. Bd3 Nbd7 8.
Nge2 Nh5 9. Bxe7 Qxe7 10. g4 Nhf6 11. Ng3 Nb6 12. Nf5 Bxf5 13. gxf5 g6 14. Qc2
O-O-O 15. O-O-O Kb8 16. h4 Rc8 17. Kb1 c5 18. dxc5 Rxc5 19. Qb3 Rhc8 20. Na4
Nxa4 21. Qxa4 Qe5 22. Qd4 Nd7 23. f4 Qe7 24. h5 gxf5 25. Bxf5 h6 26. a3 Rd8 27.
Rc1 Rxc1+ 28. Rxc1 Nb6 29. Ka2 Nc4 30. Rc3 Qd6 31. e4 Nb6 32. e5 Qe7 33. Bd3 Rf8
34. f5 Re8 35. Qf4 Qxe5 36. Qxh6 d4 37. Rb3 Qd5 38. Qf4+ Ka8 0-1

[Event "Titled Tue 10th Jun Late"]
[Site "chess.com INT"]
[Date "2025.06.10"]
[Round "3"]
[White "Duarte Cramer, Lily Jeanette"]
[Black "Ozen, Batuhan"]
[Result "0-1"]
[WhiteTitle "WCM"]
[BlackTitle "CM"]
[WhiteElo "1828"]
[BlackElo "2128"]
[WhiteFideId "29620180"]
[BlackFideId "6345123"]
[EventDate "2025.06.10"]

1. d4 Nf6 2. c4 e6 3. Nc3 d5 4. cxd5 exd5 5. Bg5 Be7 6. e3 O-O 7. Bd3 c6 8. Nge2
Re8 9. Qc2 Ne4 10. Bxe7 Qxe7 11. Bxe4 dxe4 12. O-O f5 13. Rac1 Be6 14. Nf4 Nd7
15. Rfd1 Nb6 16. a4 Rad8 17. a5 Nd5 18. Ncxd5 Bxd5 19. Nxd5 Rxd5 20. Qc3 Qd6 21.
b4 Rb5 22. Rb1 f4 23. exf4 Qxf4 24. Qe3 Qxe3 25. fxe3 Kf7 26. Rdc1 Ke6 27. Rc5
Rxc5 28. bxc5 Re7 29. a6 bxa6 30. Ra1 Rb7 31. Rxa6 Kd5 32. Kf2 g5 33. Ra4 h5 34.
h3 h4 35. Ke2 Rb2+ 36. Kf1 Rb3 37. Kf2 Rb2+ 38. Kf1 Rb7 39. Ra6 Kc4 40. Rxc6 Kd3
41. Kf2 Rb2+ 42. Kg1 Kxe3 43. Rd6 Rc2 44. c6 a5 45. d5 a4 46. Rd8 a3 47. Ra8 a2
48. Rxa2 Rc5 49. Ra5 Rc1+ 50. Kh2 Kf2 51. Ra2+ Ke3 52. Ra3+ Kf4 53. Ra4 Ke5 54.
d6 Rxc6 55. Kg1 Rxd6 56. Kf2 Kf4 57. Ra2 e3+ 58. Ke2 Rd2+ 59. Rxd2 exd2 60. Kxd2
Kg3 61. Ke3 Kxg2 62. Ke4 Kxh3 63. Kf5 g4 64. Kf4 g3 65. Kf3 g2 66. Kf2 Kh2 67.
Kf3 g1=Q 68. Kf4 Kg2 69. Kf5 h3 70. Kf6 h2 71. Kf7 h1=Q 72. Kf8 Qh7 73. Ke8 Kf2
74. Kd8 Qgg8# 0-1

[Event "Titled Tue 10th Jun Late"]
[Site "chess.com INT"]
[Date "2025.06.10"]
[Round "3"]
[White "Panarin, Mikhail"]
[Black "Przybylski, Bartosz"]
[Result "1-0"]
[WhiteTitle "GM"]
[BlackTitle "CM"]
[WhiteElo "2562"]
[BlackElo "2101"]
[WhiteFideId "4153251"]
[BlackFideId "21878323"]
[EventDate "2025.06.10"]

1. e4 d6 2. d4 Nf6 3. Nc3 e5 4. Nge2 Be7 5. g3 O-O 6. Bg2 c6 7. a4 a5 8. h3 Na6
9. O-O Nb4 10. Be3 Re8 11. g4 h5 12. g5 Nh7 13. h4 g6 14. f4 exd4 15. Bxd4 d5
16. exd5 cxd5 17. Ng3 Bg4 18. Qd2 Qc7 19. Rf2 Bc5 20. Nb5 Qb6 21. c3 Nc6 22.
Bxc5 Qxc5 23. Kh2 Rad8 24. f5 d4 25. fxg6 fxg6 26. Raf1 dxc3 27. Qxc3 Qxc3 28.
bxc3 Nf8 29. Ne4 Rxe4 30. Bxe4 Ne5 31. Nd4 Bd7 32. Kg3 Bxa4 33. Bxb7 Bd7 34.
Bd5+ Kg7 35. c4 a4 36. Re2 Ng4 37. Re7+ Kh8 38. Rxf8+ Rxf8 39. Rxd7 Ne3 40. Ra7
Nf1+ 41. Kh3 Ne3 42. Ne6 Rf1 43. Rxa4 Nf5 44. Be4 Ne3 45. Bxg6 Rf3+ 46. Kh2 Rf2+
47. Kg3 Rf1 48. Ra8+ Rf8 49. Rxf8# 1-0

[Event "Titled Tue 10th Jun Late"]
[Site "chess.com INT"]
[Date "2025.06.10"]
[Round "3"]
[White "Mei, Austin"]
[Black "Barseghyan, Armen Ar."]
[Result "1/2-1/2"]
[WhiteTitle "FM"]
[BlackTitle "IM"]
[WhiteElo "2280"]
[BlackElo "2348"]
[WhiteFideId "30948479"]
[BlackFideId "13306707"]
[EventDate "2025.06.10"]

1. e4 c5 2. Nf3 Nc6 3. Bb5 g6 4. O-O Bg7 5. Bxc6 bxc6 6. h3 Qc7 7. Re1 d6 8. c3
Nf6 9. d4 cxd4 10. cxd4 O-O 11. Nc3 Bb7 12. Qd3 c5 13. Be3 cxd4 14. Bxd4 Rfc8
15. Rac1 Qa5 16. a3 Ba6 17. Qd2 Rab8 18. b4 Qd8 19. Bxa7 Ra8 20. Bd4 Bb7 21. Nd5
Bxd5 22. exd5 Rxc1 23. Rxc1 Rxa3 24. Qb2 Ra8 25. b5 Bh6 26. Rb1 Nxd5 27. b6 Nxb6
28. Bxb6 Qd7 29. Bd4 Qf5 30. Re1 e5 31. Be3 Bg7 32. Qd2 Rd8 33. Qd5 h6 34. Nd2
Qe6 35. Qxe6 fxe6 36. f4 exf4 37. Bxf4 e5 38. Bg3 Rc8 39. Rd1 Rc3 40. Ne4 Re3
41. Re1 Rd3 42. Kf2 d5 43. Nd6 e4 44. Bf4 g5 45. Be3 d4 46. Bc1 e3+ 47. Ke2 Rc3
48. Nf5 Be5 49. Rd1 Kh7 50. Nxd4 Bxd4 51. Rxd4 Rxc1 52. Kxe3 Rf1 53. Ke2 Rf5 54.
Rd6 Ra5 55. Rb6 Ra2+ 56. Kf3 Ra3+ 57. Kf2 Kg7 58. Rc6 1/2-1/2

[Event "Titled Tue 10th Jun Late"]
[Site "chess.com INT"]
[Date "2025.06.10"]
[Round "3"]
[White "Hoeffer, David"]
[Black "Pereyra, Horacio"]
[Result "0-1"]
[WhiteTitle "FM"]
[WhiteElo "2295"]
[BlackElo "2133"]
[WhiteFideId "24606766"]
[BlackFideId "113700"]
[EventDate "2025.06.10"]

1. d4 g6 2. e4 Bg7 3. Nf3 c5 4. dxc5 Qa5+ 5. Bd2 Qxc5 6. Bc3 e5 7. b4 Qc7 8. Bb2
Ne7 9. c4 d6 10. Nc3 a6 11. Be2 O-O 12. O-O h6 13. Nd5 Nxd5 14. exd5 f5 15. Rc1
Qf7 16. c5 g5 17. c6 g4 18. Ne1 b6 19. f4 exf4 20. Bxg7 Qxg7 21. Rxf4 Qe5 22.
Qd4 Qxe2 23. a4 Ra7 24. Qxb6 Re7 25. b5 axb5 26. axb5 Qd2 27. Nd3 Qxd3 28. Rcf1
Rfe8 29. c7 Nd7 30. Qxd6 Qe3+ 31. R4f2 f4 32. g3 f3 33. b6 Ne5 34. Qf6 Nd3 35.
d6 Nxf2 36. Rxf2 Qc1+ 37. Rf1 f2+ 38. Kg2 Bb7+ 39. Kxf2 Re2+ 40. Kg1 Qe3+ 41.
Rf2 Rxf2 42. Qxf2 Qc1+ 43. Qf1 Re1 44. c8=Q+ Bxc8 45. Kg2 Rxf1 46. d7 Bxd7 47.
b7 Bc6# 0-1

[Event "Titled Tue 10th Jun Late"]
[Site "chess.com INT"]
[Date "2025.06.10"]
[Round "3"]
[White "Halynyazov, Vepaly"]
[Black "Haszon, David"]
[Result "0-1"]
[BlackTitle "FM"]
[WhiteElo "2189"]
[BlackElo "2264"]
[WhiteFideId "14004020"]
[BlackFideId "733610"]
[EventDate "2025.06.10"]

1. d4 d5 2. Bf4 Nf6 3. Nf3 c5 4. e3 Nc6 5. Nbd2 e6 6. c3 Bd6 7. Bg3 O-O 8. Bd3
Qe7 9. Ne5 Nd7 10. f4 f5 11. Bf2 a6 12. g4 Nf6 13. Bh4 cxd4 14. cxd4 Qc7 15.
Bxf6 Rxf6 16. gxf5 Nb4 17. a3 Nxd3+ 18. Nxd3 Rxf5 19. Rc1 Qd8 20. Nf3 Bd7 21.
Rg1 Bb5 22. Kf2 Qf6 23. a4 Bxd3 24. Qxd3 h6 25. Rg3 Kh8 26. h4 Rf8 27. Qb3 e5
28. dxe5 Bxe5 29. Rcg1 d4 30. Rxg7 dxe3+ 31. Ke2 Qxg7 32. Rxg7 Bxg7 33. Qxb7
Rxf4 34. Ne1 Rf2+ 35. Kxe3 Rxb2 36. Qxa6 Re8+ 37. Kf4 Rb4+ 38. Kf3 Rxe1 39. Qc8+
Kh7 40. Qf5+ Kg8 41. Qc8+ Bf8 42. Qc6 Re7 43. Qg6+ Rg7 44. Qe6+ Rf7+ 45. Kg2
Rxa4 46. Qg6+ Rg7 47. h5 Rxg6+ 48. hxg6 Kg7 0-1

[Event "Titled Tue 10th Jun Late"]
[Site "chess.com INT"]
[Date "2025.06.10"]
[Round "3"]
[White "Esipenko, Andrey"]
[Black "Srihari, L R"]
[Result "1-0"]
[WhiteTitle "GM"]
[BlackTitle "IM"]
[WhiteElo "2689"]
[BlackElo "2480"]
[WhiteFideId "24175439"]
[BlackFideId "46617116"]
[EventDate "2025.06.10"]

1. d4 d5 2. Nf3 c5 3. e3 Nf6 4. a3 cxd4 5. exd4 Nc6 6. Ne5 e6 7. Nc3 Bd6 8. f4
O-O 9. Be3 Qb6 10. Qc1 Nxd4 11. Kd1 Bxe5 12. fxe5 Ng4 13. Bg1 f6 14. Be2 fxe5
15. Rb1 Nf2+ 16. Bxf2 Rxf2 17. Qg5 Nxe2 18. Nxe2 Bd7 19. Qxe5 Raf8 20. Nd4 Kh8
21. g3 h6 22. h4 R8f6 23. Re1 Be8 24. Kc1 Bf7 25. b3 Qc5 26. Kb2 R6f3 27. Re3
Rxe3 28. Qxe3 Rf6 29. Re1 Bg6 30. Qd2 Be4 31. Re3 Qd6 32. Ne2 Qe5+ 33. Ka2 Rf2
34. Rc3 Rxe2 35. Rc8+ Kh7 36. Qxe2 Qxg3 37. Re8 Bf5 38. h5 Qc3 39. Rxe6 Bxc2 40.
b4 Qxa3+ 41. Kxa3 1-0

[Event "Titled Tue 10th Jun Late"]
[Site "chess.com INT"]
[Date "2025.06.10"]
[Round "3"]
[White "Bacrot, Etienne"]
[Black "Sturt, Raven"]
[Result "0-1"]
[WhiteTitle "GM"]
[BlackTitle "GM"]
[WhiteElo "2633"]
[BlackElo "2459"]
[WhiteFideId "605506"]
[BlackFideId "2007304"]
[EventDate "2025.06.10"]

1. e4 e5 2. Nf3 Nc6 3. Bc4 Nf6 4. d3 Be7 5. a4 O-O 6. O-O d5 7. exd5 Nxd5 8. h3
Nb6 9. Bb5 a5 10. Bxc6 bxc6 11. Nxe5 Bb7 12. Qf3 Nd5 13. Re1 Bf6 14. Ng4 Bd4 15.
c3 Re8 16. Rxe8+ Qxe8 17. Qe4 Bb6 18. Qxe8+ Rxe8 19. Bd2 f5 20. Nh2 Re2 21. d4
c5 22. c4 cxd4 23. cxd5 Bxd5 24. Nf1 c5 25. Ng3 Re5 26. Bf4 Re1+ 27. Kh2 Be6 28.
Bd2 Rd1 29. Ne2 c4 30. Nc1 Bc7+ 31. f4 Rxd2 32. Nxd2 Bxf4+ 33. g3 Bxd2 34. Ne2
Be3 35. Rd1 d3 36. Nc3 f4 37. gxf4 Bxf4+ 38. Kg2 g5 39. Re1 Bd7 40. h4 g4 41.
Kf2 Bc6 42. Re6 g3+ 43. Kf1 g2+ 44. Kg1 Bf3 0-1

[Event "Titled Tue 10th Jun Late"]
[Site "chess.com INT"]
[Date "2025.06.10"]
[Round "3"]
[White "Baltabaev, Temirlan"]
[Black "Garcia Almaguer, Juan Manuel"]
[Result "1-0"]
[WhiteTitle "FM"]
[BlackTitle "CM"]
[WhiteElo "2295"]
[BlackElo "2142"]
[WhiteFideId "4112172"]
[BlackFideId "5110491"]
[EventDate "2025.06.10"]

1. d4 Nf6 2. Nf3 d5 3. c4 e6 4. g3 Nbd7 5. Bg2 dxc4 6. Qa4 c6 7. Qxc4 Bd6 8. O-O
O-O 9. Nc3 Qc7 10. Rd1 e5 11. Nxe5 Nxe5 12. dxe5 Bxe5 13. f4 Bxc3 14. Qxc3 Re8
15. e3 Bg4 16. Rd4 Rad8 17. h3 Rxd4 18. exd4 Bf5 19. Be3 Be4 20. Re1 Bxg2 21.
Kxg2 Qd7 22. Qb3 h5 23. Bf2 Rxe1 24. Bxe1 Qxd4 25. Qxb7 Qe4+ 26. Kf2 h4 27. Qb8+
Kh7 28. gxh4 Nd5 29. Qxa7 Nxf4 30. Qe3 Nd3+ 31. Ke2 Qxe3+ 32. Kxe3 Nxe1 33. Kd4
f5 34. a4 f4 35. a5 f3 36. Ke3 Nc2+ 37. Kxf3 Nb4 38. Ke4 Kg6 39. Kd4 Na6 40. Ke5
Kh5 41. Kf5 Kxh4 42. Kg6 c5 43. Kxg7 c4 44. Kf6 Nc5 45. Ke5 Nd3+ 46. Kd4 Nxb2
47. a6 Na4 48. a7 Nb6 49. Kc5 Na8 50. Kxc4 Kxh3 51. Kc5 Kg4 52. Kc6 Kf5 53. Kb7
Ke6 54. Kxa8 Kd7 55. Kb8 1-0

[Event "Titled Tue 10th Jun Late"]
[Site "chess.com INT"]
[Date "2025.06.10"]
[Round "3"]
[White "Paszewski, Mateusz"]
[Black "Haug, Havard"]
[Result "0-1"]
[WhiteTitle "FM"]
[BlackTitle "FM"]
[WhiteElo "2361"]
[BlackElo "2354"]
[WhiteFideId "1141058"]
[BlackFideId "1547887"]
[EventDate "2025.06.10"]

1. e4 c6 2. d4 d5 3. exd5 cxd5 4. Bd3 Nc6 5. c3 Qc7 6. Ne2 Bg4 7. O-O Nf6 8. Qe1
e6 9. Bg5 Bh5 10. f4 Ne4 11. Bxe4 dxe4 12. Ng3 Bg6 13. f5 exf5 14. Nxf5 Bxf5 15.
Rxf5 Be7 16. Qxe4 O-O 17. Nd2 Rae8 18. Bxe7 Rxe7 19. Qf3 Rfe8 20. Rf1 f6 21. Qg4
Qb6 22. Nc4 Qa6 23. Nd6 Rf8 24. Ne4 Kh8 25. a3 Qd3 26. Nc5 Qe3+ 27. Kh1 Qd2 28.
Rh5 Re1 29. Rf5 Rfe8 30. h3 Qc1 31. Rxe1 Rxe1+ 32. Kh2 Rh1+ 33. Kg3 Qe3+ 34. Rf3
Qe1+ 35. Rf2 Ne7 36. Nd3 Qe3+ 37. Rf3 Qe2 38. Qd7 Ng8 39. Qxb7 Rg1 40. Nf2 Qd2
41. Kh2 Rf1 42. Ne4 Qe1 43. Rxf1 Qxf1 44. Ng3 Qf4 45. Qxa7 h5 46. a4 h4 47. a5
Kh7 0-1